01388nam a2200325Ia 4500001001200000003000800012006001900020007001500039008004100054010001700095020001800112020001500130040002100145035002100166050002200187245014700209260004000356300003100396533015200427650004500579650004500624650005200669650005700721651006300778655002900841700003000870710001700900856012600917999001901043ebr10515536CaPaEBRm u cr cn|||||||||030731s2003 si ab s 000 0 eng d z 2003411995 z9789812610232 z9812325913 aCaPaEBRcCaPaEBR a(OCoLC)76919031214aJQ24b.E46 2003eb00aE-government in Asiah[electronic resource] :benabling public service innovation in the 21st century /ccompiled & edited by James S.L. Yong. aSingapore :bTimes Editions,c2003. axvi, 506 p. :bill., maps. aElectronic reproduction.bPalo Alto, Calif. :cebrary,d2011.nAvailable via World Wide Web.nAccess may be limited to ebrary affiliated libraries. 0aInternet in public administrationzAsia. 0aElectronic government informationzAsia. 0aAdministrative agencieszAsiaxData processing. 0aElectronic data processingxGovernment policyzAsia. 0aAsiaxPolitics and governmentxComputer network resources. 7aElectronic books.2local1 aYong, James S. L.,d1959-2 aebrary, Inc.40uhttp://site.ebrary.com/lib/rucke/Doc?id=10515536zAn electronic book accessible through the World Wide Web; click to view c225348d225348